Statistics for The Only U.S. State ... #3

Click here to take the quiz!

General Stats

  • This quiz has been taken 14,422 times
  • The average score is 13 of 20

Answer Stats

The only U.S. state that ...State% Correct
starts with GGeorgia
99%
has land within 100 miles of AsiaAlaska
96%
has a building over 500 meters tallNew York
94%
has land in the tropicsHawaii
88%
has hosted both the Summer and Winter OlympicsCalifornia
85%
produces more crude oil than KuwaitTexas
83%
has a Z in its nameArizona
81%
borders Texas but not OklahomaLouisiana
80%
has a one syllable nameMaine
74%
is entirely above 1000 meters of elevationColorado
71%
is more than 35% African-AmericanMississippi
64%
more than 50% of the residents belong to a single churchUtah
63%
is located entirely within AppalachiaWest Virginia
61%
has the roadrunner as its state birdNew Mexico
56%
has more whiskey barrels than peopleKentucky
52%
is the title of a Broadway musicalOklahoma
49%
doesn't allow residents to pump their own gasNew Jersey
44%
hosts an annual sporting event with more than 250,000 fansIndiana
42%
has a capital starting with NTennessee
41%
schools are closed on Arbor DayNebraska
15%

Score Distribution

Percentile by Number Answered

Percent of People with Each Score

Your Score History

You have not taken this quiz